LEADER 00847nam0-22002891i-450 001 990005047000403321 005 20230515094442.0 035 $a000504700 035 $aFED01000504700 035 $a(Aleph)000504700FED01 100 $a19990530g19549999km-y0itay50------ba 101 0 $aeng 102 $aGB 105 $aa-------001yy 200 1 $a<>Bedside Dickens$ean anthology for pleasure$fcompiled by J.W. Garrod$gillustrated by Bill Geldart 210 $aLondon [etc.]$cSpring Books$d1954 215 $aVII, 389 p.$cill.$d22 cm 700 1$aDickens,$bCharles$0154882 702 1$aGarrod,$bJ.W. 702 1$aGeldart,$bBill 801 0$aIT$bUNINA$gRICA$2UNIMARC 901 $aBK 912 $a990005047000403321 952 $aP 222 (27)$bFil.Mod. 17702$fFLFBC 959 $aFLFBC 996 $aBedside Dickens$9533050 997 $aUNINA